Holiday Quiz

Random Holiday or Letter Quiz

Gridlocked Holidays Quiz Stats

 Plays Quiz not verified by Sporcle

Score 0/9 Timer 06:00
3 Plays Today
% Correct
CHRISTMAS
99.9%
EASTER
93.5%
HANUKKAH
91.9%
THANKSGIVING
89.4%
HALLOWEEN
82.6%
KWANZAA
81.9%
ST. PATRICK'S DAY
71.1%
VALENTINE'S DAY
63.2%
EID AL-FITR
58.6%

You're not logged in!

Compare scores with friends on all Sporcle quizzes.
OR
Log In

Show Comments

Extras

Top Quizzes Today


Score Distribution

Your Account Isn't Verified!

In order to create a playlist on Sporcle, you need to verify the email address you used during registration. Go to your Sporcle Settings to finish the process.

Report this User

Report this user for behavior that violates our Community Guidelines.

Details: